000 00339nam a2200133Ia 4500
008 231129s1980||||xx |||||||||||||| ||spa||
040 _bspa
082 _a615.535 Z93n
100 _aZuleta Cecilio
245 0 _aNaturismo : alimentacion vegetariana principios y formulas
260 _c1980
264 _aQuingraficas
942 _2ddc
_cBKS
999 _c21618
_d21618